000 01112nam a22003377a 4500
001 BR8006176
003 BR-BrBNA
005 20230928090758.0
007 ta
008 230509b bl.||||| |||| 00| 0 por d
040 _aBR-BrBNA
_bpor
_cBiblioteca Nacional de Agricultura
041 _a(Por)
072 _aL10; L50
_b5213
090 _ 5213 BR8006176
100 1 _aSilva, L.R.M.
110 1 _aUniversidade Federal de Minas Gerais, Belo Horizonte (Brasil). Escola de Veterinaria
_0Tese (Mestrado)
245 1 _aEfeitos de heranca e meio sobre os pesos aos 7 meses de idade e o ganho de peso do nascimento aos 7 meses de idade em animais da raca Nelore [gado de corte]
260 3 _aBelo Horizonte, MG (Brasil):
_c1980.
300 _a74 p.
500 _aBibliography p. 55-62 (59 ref.); Summary (Por); 15 tables; 3 graphs
650 _aGENETICA ANIMAL
650 _aGADO NELORE
650 _aCRESCIMENTO
650 _aGANHO DE PESO
650 _aPESO
650 _aGADO DE CORTE
650 _aFENOTIPO
650 _aHEREDITARIEDADE
909 _a202309
_bLucia
_c55
_dLucia Elande
942 _cBK
999 _c30485
_d30485